00603nam a22001457a 4500020001800000082001700018100001900035245011300054260004500167300002100212880003200233942001200265999001900277952016100296 a9787300113906 a155.232bBUR aBurka, Jane B. aDelay Psychology:bProcrastination why you do it what to do about it now ( Chinese Edition) /cJane B. Burka aChina :bRenmin University Press,c2008. a246 p. ;c25 cm. 6245-02\ra延迟心理学 / 2ddccBK c591754d591754 00102ddc406155_232000000000000_BUR709582978aCLbCLcCHISTd2022-10-13eDonated by China Embassyl0o155.232 BURpCL-D-2042r2022-10-13w2022-10-13yBK